| 000 | 00847nam a2200265Ia 4500 | ||
|---|---|---|---|
| 003 | OSt | ||
| 005 | 20220928115354.0 | ||
| 006 | a|||||r|||| 00| 0 | ||
| 007 | ta | ||
| 008 | 220927b |||||||| |||| 00| 0 eng d | ||
| 020 | _c2008.3420000000001 | ||
| 024 | _a103798 | ||
| 037 |
_b218, 11/12/2009, N.R.Book Distributors _cTextual |
||
| 040 |
_aSDCL _cSDCL _beng |
||
| 041 |
_2eng _aeng |
||
| 082 | _aG:424:f3, N8 | ||
| 100 |
_aWhite David Ed. _9444039 |
||
| 245 | 0 | _aMicrobial physiology and biochemistry laboratory. | |
| 260 |
_aNew York _b Oxford University Press _c1998 |
||
| 300 |
_axi,161p. _ccm. |
||
| 650 | _aMicrobiology | ||
| 700 |
_a Hegeman George D Ed. _9444040 |
||
| 942 |
_hG:424:f3, N8 _cTEXL _2CC |
||
| 999 |
_c759168 _d759168 |
||